Prologue of Romeo and Juliet Quiz Stats

 Plays Quiz not verified by Sporcle

Challenge
Share
Tweet
Embed
Score 0/80 Timer 06:00
1 Play Today
% Correct
a
93.9%
and
93.9%
the
93.9%
two
90.4%
in
89.8%
Verona
86.8%
fair
82.9%
we
81.4%
our
81.3%
where
81%
alike
79.3%
lovers
79.2%
scene
78.8%
dignity
78.4%
lay
78.1%
star-cross'd
77.8%
both
77.5%
households
75.4%
their
69.7%
civil
68.1%
of
67.9%
hands
67.1%
take
67.1%
blood
67%
unclean
66.6%
life
63.9%
from
63.4%
to
61.9%
mutiny
60.7%
love
59.5%
pair
59.4%
ancient
59.4%
new
58.8%
makes
58.6%
loins
57.1%
grudge
55.8%
break
55%
forth
53.1%
foes
52.9%
fatal
51.9%
% Correct
these
51.8%
parents
46.5%
death
45.5%
do
44.5%
strife
43.7%
with
43%
stage
41.2%
hours
41%
traffic
40%
overthrows
39%
bury
38.7%
piteous
38.6%
misadventured
33.1%
is
32.4%
mend
30%
shall
29.5%
now
29.1%
strive
28.8%
toil
28%
could
27.6%
ears
27.6%
rage
27.4%
which
27.1%
patient
26.4%
remove
26.3%
attend
26.1%
but
26.1%
miss
26.1%
what
26%
you
25.7%
end
25.6%
passage
25.6%
here
25.3%
continuance
24.5%
fearful
24.5%
death-mark'd
22.5%
children's
22.2%
if
19.4%
nought
18.6%
whole
3.3%

You're not logged in!

Compare scores with friends on all Sporcle quizzes.
Join for Free
OR
Log In

You Might Also Like...

Show Comments

Extras

Created Feb 12, 2010ReportNominate
Tags:juliet, prologue, romeo

Top Quizzes Today


Score Distribution

Your Account Isn't Verified!

In order to create a playlist on Sporcle, you need to verify the email address you used during registration. Go to your Sporcle Settings to finish the process.

Report this User

Report this user for behavior that violates our Community Guidelines.

Details: